| 000 | 00860cam a22002414a 4500 | ||
|---|---|---|---|
| 001 | 12032079 | ||
| 005 | 20250708130459.0 | ||
| 008 | 000606s2000 nyu b 001 0 eng | ||
| 020 |
_a3110156520 _qalk. paper |
||
| 020 |
_a0664223362 _qpbk. : alk. paper |
||
| 020 |
_a9783110156522 _q(alk. paper) |
||
| 020 |
_a9780664223366 _q(pbk. : alk. paper) |
||
| 041 | 1 |
_aeng _hger |
|
| 050 | 0 | 0 |
_aBS2397 _b.S8513 2000 |
| 082 | 0 | 0 |
_a230/.0415 _221 |
| 100 | 1 |
_aStrecker, Georg, _d1929- |
|
| 245 | 1 | 0 |
_aTheology of the New Testament / _cGeorg Strecker ; German edition edited and completed by Friedrich Wilhelm Horn ; translated by M. Eugene Boring. |
| 250 | _a1st ed. | ||
| 260 |
_aNew York : _bW. de Gruyter ; _aLouisville, Ky. : _bWestminster John Knox Press, _c2000. |
||
| 300 |
_axvii, 758 p. ; _c24 cm. |
||
| 700 | 1 | _aHorn, Friedrich Wilhelm. | |
| 942 |
_2lcc _cBK _n0 |
||
| 999 |
_c6865 _d6865 |
||